| 000 | 00594nam a2200193Ia 4500 | ||
|---|---|---|---|
| 003 | IN-BaIIA | ||
| 008 | 211028s9999 xx 000 0 eng d | ||
| 040 | _cIIA Library | ||
| 080 |
_a[8]:01:00 _bWAR |
||
| 100 |
_aWarner, Deborah Jean _97419 |
||
| 245 | 0 |
_aAlvan Clark and sons _bartists in optics _cDeborah Jean Warner |
|
| 260 |
_aWashington _bSmithsonian Institution Press _c1968 |
||
| 300 | _a120p. | ||
| 490 | _aUnited States National museum bulletin; 274 | ||
| 650 |
_aAlvan Clark - Biography _97420 |
||
| 650 |
_aBiography - Alvan Clark _97421 |
||
| 650 | _aNASA thesaurus | ||
| 942 | _cBK | ||
| 999 |
_c4223 _d4223 |
||